000 01188cab a2200241 4500
001 ABS67627
008 040322n2004 000 0 eng u
035 _a(Sirsi) u125503
100 _aNorwood, G.
245 _aKnowledge at a price
260 _c2004
490 _aEstates Gazette
_v(0411) 13 March 2004, 128-129(2)
520 _aFeatures the launch of FPDSavills new quarterly bulletin "Residential property focus", which aims to be a product for people at the top of the industry looking for a single source to brief them on everything that happens in the residential market. It is the first product of this kind for the sector prepared by a key player in the residential industry. Questions whether there is a market for such a bulletin costing £895 pa, despite the pedigree of FPDSavills research team lead by the respected Richard O'Donnell.
590 _aABS
650 _aFPDSAVILLS RESIDENTIAL PROPERTY FOCUS
650 _aRESIDENTIAL MARKET
650 _aPROPERTY RESEARCH
650 _aHOUSING MARKET SURVEYS
650 _aMARKET RESEARCH
650 _aHOUSING STATISTICS
690 _aPROPERTY-RESIDENTIAL PROPERTY-RESIDENTIAL PROPERTY MARKET
942 _n0
999 _c74282
_d74282